00263nam a22000857a 4500008004100000082002000041245006500061260004300126300000800169230621b xxu||||| |||| 00| 0 eng d a328.3bCPA 1997 aSummary Report of the Commonwealth Parliamentary Association aZimbabwebParliament of Zimbabwec1997 a47p